Justicia y derechos del niño, número 11
Tallennettuna:
| Yhteisötekijä: | |
|---|---|
| Aineistotyyppi: | Kirja |
| Kieli: | espanja |
| Julkaistu: |
Santiago
UNICEF
2009
|
| Painos: | 1a. ed |
| Aiheet: | |
| Tagit: |
Lisää tagi
Ei tageja, Lisää ensimmäinen tagi!
|
MARC
| LEADER | 00000nam a2200000 a 4500 | ||
|---|---|---|---|
| 001 | UCH9018 | ||
| 003 | CL-VaPUC | ||
| 008 | 091217e20091000cl |||||||||||||||||spa|d | ||
| 020 | |a 9789280644791 | ||
| 082 | 0 | 4 | |a 323.352 |b UNI |2 21 |
| 110 | 2 | |a UNICEF |e author |9 545825 | |
| 245 | 1 | 0 | |a Justicia y derechos del niño, número 11 |
| 250 | |a 1a. ed | ||
| 300 | |a 437 p | ||
| 942 | |c BK | ||
| 945 | |d 20091217 00:00:00 |a dcastane | ||
| 260 | |a Santiago |b UNICEF |c 2009 | ||
| 650 | 0 | |a Derechos del niño |9 258728 | |
| 650 | 0 | |a Justicia social |9 314874 | |
| 650 | 7 | |a BIENESTAR DE LA INFANCIA |2 CL-VaPUC |9 545826 | |
| 650 | 0 | |a Derecho y legislación |9 255077 | |
| 583 | |a last modification |c 20171220 12:15:00 |k Rodrigo Vera | ||
| 999 | |c 339097 |d 339095 | ||
| 952 | |0 0 |1 0 |4 0 |6 323_352000000000000_UNI_2009 |7 0 |8 A |9 432499 |a BIBDER |b BIBDER |d 2019-11-22 |i 4626923 |o 323.352 UNI 2009 |p 4626923 |r 2019-11-22 |w 2019-11-22 |y BK |k DER | ||
| 952 | |0 0 |1 0 |4 0 |6 323_352000000000000_UNI_2009 |7 0 |8 A |9 432500 |a BIBDER |b BIBDER |d 2019-11-22 |i 4626931 |o 323.352 UNI 2009 |p 4626931 |r 2023-01-25 |w 2019-11-22 |y BK |k DER | ||
| 952 | |0 0 |1 0 |4 0 |6 323_352000000000000_UNI_2009 |7 0 |8 A |9 432501 |a BIBDER |b BIBDER |d 2019-11-22 |i 466471K |o 323.352 UNI 2009 |p 466471K |r 2023-01-25 |w 2019-11-22 |y BK |k DER | ||
| 952 | |0 0 |1 0 |4 0 |6 323_352000000000000_UNI_2009 |7 0 |8 A |9 432502 |a BIBDER |b BIBDER |d 2019-11-22 |i 4664728 |o 323.352 UNI 2009 |p 4664728 |r 2019-11-22 |w 2019-11-22 |y BK |k DER | ||
| 952 | |0 0 |1 0 |4 0 |6 323_352000000000000_UNI_2009 |7 0 |8 A |9 432503 |a BIBDER |b BIBDER |d 2019-11-22 |i 4664736 |o 323.352 UNI 2009 |p 4664736 |r 2019-11-22 |w 2019-11-22 |y BK |k DER | ||